[Event "SLO-chT"]
[Site "Slovenia"]
[Date "2013.12.14"]
[Round "8"]
[White "Svigelj, Domen"]
[Black "Skrinjar, Matic"]
[Result "0-1"]
[WhiteElo "1786"]
[BlackElo "2056"]
[PlyCount "62"]
[EventDate "2013.11.22"]
[EventType "team-tourn"]
[EventRounds "9"]
[EventCountry "SLO"]
[SourceTitle "EXT 2015"]
[Source "ChessBase"]
[SourceDate "2014.11.20"]
[SourceVersion "1"]
[SourceVersionDate "2014.11.20"]
[SourceQuality "1"]
[WhiteTeam "Vrhnika"]
[BlackTeam "Nova Gorica"]
[WhiteTeamCountry "SLO"]
[BlackTeamCountry "SLO"]

1. d4 Nf6 2. c4 c5 3. e3 g6 4. Nf3 Bg7 5. Nc3 0-0 6. Bd3 cxd4 7. Nxd4 d5 8. cxd5 Nxd5 9. 0-0 Nxc3 10. bxc3 e5 11. Ne2 Qc7 12. Qc2 Nd7 13. Ng3 Nc5 14. Be2 f5 15. Ba3 Be6 16. f3 Rfc8 17. e4 f4 18. Nh1 Nd7 19. Rac1 Qa5 20. Qb2 b5 21. Bb4 Qb6+ 22. Nf2 a6 23. Kh1 Nc5 24. Bxc5 Qxc5 25. Nd3 Qe3 26. Rfd1 Rd8 27. Nb4 Bf8 28. Nc6 Rxd1+ 29. Rxd1 Rc8 30. Rd3 Qf2 31. Rd1 Rxc6 0-1

[Event "Ljubljana-chT 64th 1st League"]
[Site "Ljubljana"]
[Date "2011.02.10"]
[Round "4.4"]
[White "Svigelj, Domen"]
[Black "Konvalinka, Kostja"]
[Result "1-0"]
[WhiteElo "1702"]
[BlackElo "1779"]
[PlyCount "120"]
[EventDate "2011.01.13"]
[EventType "team-tourn"]
[EventRounds "9"]
[EventCountry "SLO"]
[SourceTitle "EXT 2022"]
[Source "ChessBase"]
[SourceDate "2021.10.06"]
[SourceVersion "1"]
[SourceVersionDate "2021.10.06"]
[SourceQuality "1"]
[WhiteTeam "Vrhnika"]
[BlackTeam "Trzin Buscotrade"]
[WhiteTeamCountry "SLO"]
[BlackTeamCountry "SLO"]

1. d4 Nf6 2. c4 e6 3. Nc3 d5 4. Bg5 Be7 5. e3 0-0 6. Nf3 Re8 7. Bd3 dxc4 8. Bxc4 c6 9. 0-0 Nbd7 10. Qc2 h6 11. Bh4 c5 12. dxc5 Nxc5 13. Rfd1 Qb6 14. Na4 Nxa4 15. Qxa4 Bd7 16. Qb3 Qxb3 17. Bxb3 Bc6 18. Nd4 Bd5 19. Rac1 Bxb3 20. Nxb3 Red8 21. h3 Rxd1+ 22. Rxd1 Rd8 23. Rxd8+ Bxd8 24. Nc5 Nd7 25. Bxd8 Nxc5 26. Be7 Nd7 27. Kf1 f6 28. Ke2 Kf7 29. Bd6 e5 30. e4 Ke6 31. Bb4 g6 32. Bd2 h5 33. Be3 a6 34. f3 f5 35. Kd3 Kd6 36. a4 Nc5+ 37. Bxc5+ Kxc5 38. Kc3 a5 39. exf5 gxf5 40. g4 fxg4 41. fxg4 hxg4 42. hxg4 Kd5 43. Kd3 e4+ 44. Ke3 Ke5 45. b3 b6 46. g5 Kf5 47. g6 Kxg6 48. Kxe4 Kf6 49. Kd5 b5 50. axb5 Ke7 51. Kc6 Kd8 52. Kb7 Kd7 53. b6 Kd6 54. Ka7 Kc5 55. b7 Kb4 56. b8Q+ Ka3 57. Ka6 a4 58. bxa4 Kxa4 59. Qb1 Ka3 60. Kb6 Ka4 1-0

[Event "Ljubljana-chT 64th 1st League"]
[Site "Ljubljana"]
[Date "2011.01.20"]
[Round "2.4"]
[White "Svigelj, Domen"]
[Black "Hiti, Domen"]
[Result "1-0"]
[WhiteElo "1702"]
[BlackElo "1959"]
[PlyCount "81"]
[EventDate "2011.01.13"]
[EventType "team-tourn"]
[EventRounds "9"]
[EventCountry "SLO"]
[SourceTitle "EXT 2022"]
[Source "ChessBase"]
[SourceDate "2021.10.06"]
[SourceVersion "1"]
[SourceVersionDate "2021.10.06"]
[SourceQuality "1"]
[WhiteTeam "Vrhnika"]
[BlackTeam "Ig"]
[WhiteTeamCountry "SLO"]
[BlackTeamCountry "SLO"]

1. d4 d5 2. c4 c6 3. e3 Nf6 4. Nc3 e6 5. Nf3 Bd6 6. c5 Bc7 7. b4 a6 8. a4 Nbd7 9. Bb2 e5 10. dxe5 Nxe5 11. Nxe5 Bxe5 12. Qc2 0-0 13. Bd3 a5 14. b5 Qe7 15. Ne2 Bxb2 16. Qxb2 Qxc5 17. 0-0 Be6 18. bxc6 bxc6 19. Rfc1 Qd6 20. Qc3 Rfc8 21. Rab1 c5 22. Rb5 Ng4 23. g3 Ne5 24. Nf4 d4 25. exd4 cxd4 26. Qb2 Rxc1+ 27. Qxc1 Rc8 28. Qb1 Nf3+ 29. Kg2 Nd2 30. Qd1 Qc6+ 31. f3 Qc3 32. Qe2 Nc4 33. Nxe6 Ne3+ 34. Kh3 fxe6 35. f4 g6 36. Rb7 Rd8 37. Rxh7 e5 38. Bxg6 Qc8+ 39. Kh4 Nf5+ 40. Kg4 Qc5 41. Rh8+ 1-0

[Event "Ljubljana-chT 64th 1st League"]
[Site "Ljubljana"]
[Date "2011.01.13"]
[Round "1.4"]
[White "Balantic, Rudi"]
[Black "Svigelj, Domen"]
[Result "0-1"]
[WhiteElo "1597"]
[BlackElo "1702"]
[PlyCount "160"]
[EventDate "2011.01.13"]
[EventType "team-tourn"]
[EventRounds "9"]
[EventCountry "SLO"]
[SourceTitle "EXT 2022"]
[Source "ChessBase"]
[SourceDate "2021.10.06"]
[SourceVersion "1"]
[SourceVersionDate "2021.10.06"]
[SourceQuality "1"]
[WhiteTeam "Barob Smarca"]
[BlackTeam "Vrhnika"]
[WhiteTeamCountry "SLO"]
[BlackTeamCountry "SLO"]

1. e4 c5 2. Bc4 e6 3. Nc3 Nc6 4. a3 a6 5. d3 Nf6 6. Bg5 Be7 7. Nf3 Qc7 8. h3 b5 9. Bb3 Bb7 10. 0-0 h6 11. Bh4 0-0 12. Re1 d6 13. Qd2 Nd7 14. Bg3 Bf6 15. Bf4 Nce5 16. Nxe5 Nxe5 17. Re3 Ng6 18. Rf3 Nxf4 19. Qxf4 c4 20. Ba2 Be5 21. Qg4 f5 22. Qh5 Kh7 23. g4 g6 24. Qh4 g5 25. Qh5 f4 26. h4 Rg8 27. Rh3 Bf6 28. hxg5 Bxg5 29. Ne2 e5 30. Kg2 Rg6 31. Ng1 Rag8 32. Nf3 Bf6 33. Rah1 Qg7 34. Kf1 Bc8 35. g5 Bxh3+ 36. Rxh3 Bxg5 37. dxc4 Rb8 38. cxb5 Rxb5 39. b4 Be7 40. Bd5 Rxd5 41. exd5 e4 42. Nh2 f3 43. Nxf3 exf3 44. Rxf3 Rg5 45. Qe8 Qa1+ 46. Ke2 Re5+ 47. Re3 Rxe3+ 48. fxe3 Qg7 49. a4 Qg2+ 50. Kd3 Qf1+ 51. Kd2 Qf2+ 52. Kd3 Qf5+ 53. Kd2 Qxd5+ 54. Kc1 Qh1+ 55. Kb2 Bf6+ 56. c3 Qg2+ 57. Kb3 Qd5+ 58. Kc2 Qa2+ 59. Kd3 Qb1+ 60. Kc4 Qa2+ 61. Kd3 Qd5+ 62. Kc2 Qg2+ 63. Kc1 Qf1+ 64. Kc2 Qe2+ 65. Kb3 Qd1+ 66. Kc4 Qe2+ 67. Kb3 Qd3 68. Qf7+ Bg7 69. Qc7 d5 70. b5 axb5 71. a5 Qb1+ 72. Ka3 Qa1+ 73. Kb4 Qb2+ 74. Kc5 Qxc3+ 75. Kb6 Qxe3+ 76. Kxb5 Qb3+ 77. Kc6 Qc4+ 78. Kd6 Qxc7+ 79. Kxc7 h5 80. Kc6 h4 0-1

[Event "SLO-chT Central Superliga 11th"]
[Site "Slovenia"]
[Date "2010.09.09"]
[Round "1.4"]
[White "Hiti, Domen"]
[Black "Svigelj, Domen"]
[Result "1-0"]
[WhiteElo "1947"]
[BlackElo "1719"]
[PlyCount "49"]
[EventDate "2010.09.09"]
[EventType "team-tourn"]
[EventRounds "9"]
[EventCountry "SLO"]
[SourceTitle "EXT 2022"]
[Source "ChessBase"]
[SourceDate "2021.10.06"]
[SourceVersion "1"]
[SourceVersionDate "2021.10.06"]
[SourceQuality "1"]
[WhiteTeam "Ig"]
[BlackTeam "Vrhnika"]
[WhiteTeamCountry "SLO"]
[BlackTeamCountry "SLO"]

1. d4 d5 2. c4 e6 3. Nc3 Nf6 4. Nf3 c5 5. e3 Nc6 6. cxd5 exd5 7. Bb5 a6 8. Bxc6+ bxc6 9. Ne5 Qc7 10. 0-0 Bd6 11. f4 0-0 12. h3 cxd4 13. exd4 c5 14. Be3 Bb7 15. Rc1 Rac8 16. dxc5 Bxe5 17. fxe5 Qxe5 18. Bd4 Qg5 19. Bxf6 gxf6 20. Qd4 f5 21. h4 Qg6 22. Nxd5 Bxd5 23. Qxd5 Rfd8 24. Qxf5 Qc6 25. Qxf7+ 1-0

[Event "SLO-chT Central Superliga 10th"]
[Site "Slovenija"]
[Date "2009.09.17"]
[Round "1.4"]
[White "Janzelj, Tim"]
[Black "Svigelj, Domen"]
[Result "1/2-1/2"]
[WhiteElo "1951"]
[BlackElo "1610"]
[PlyCount "120"]
[EventDate "2009.09.17"]
[EventType "team-tourn"]
[EventRounds "9"]
[EventCountry "SLO"]
[SourceTitle "EXT 2022"]
[Source "ChessBase"]
[SourceDate "2021.10.06"]
[SourceVersion "1"]
[SourceVersionDate "2021.10.06"]
[SourceQuality "1"]
[WhiteTeam "Ig"]
[BlackTeam "Vrhnika"]
[WhiteTeamCountry "SLO"]
[BlackTeamCountry "SLO"]

1. d4 Nf6 2. c4 e6 3. Nf3 c5 4. d5 exd5 5. cxd5 d6 6. Nc3 Be7 7. e4 a6 8. a4 b6 9. Bd3 Nbd7 10. 0-0 Qc7 11. Re1 Bb7 12. Nh4 Ne5 13. Nf5 0-0 14. Bc2 Rfe8 15. f4 Ng6 16. e5 dxe5 17. fxe5 Nxe5 18. d6 Qc6 19. Nxe7+ Rxe7 20. Ne4 Re6 21. Nxf6+ gxf6 22. Be4 Qd7 23. Bxb7 Qxb7 24. Bh6 Ng6 25. Rxe6 fxe6 26. Qb3 Kf7 27. Rf1 Rg8 28. Bg5 Nf4 29. Rxf4 Rxg5 30. Qc2 Rg6 31. h4 Qd5 32. h5 Rg7 33. b4 Qxd6 34. Rc4 Qd5 35. a5 bxa5 36. bxc5 Qc6 37. Qf2 Rg5 38. h6 a4 39. Rf4 Rg6 40. Rb4 Rg5 41. Rc4 a3 42. Qc2 Rg6 43. Ra4 Rxh6 44. Rxa3 Rh5 45. Rc3 a5 46. Qc1 Rg5 47. Rc2 a4 48. Qa3 h5 49. Qb4 Rg4 50. Qb8 Kg7 51. Qa7+ Kg6 52. Rf2 Rg5 53. Qe7 Qxc5 54. Qxf6+ Kh7 55. Qf7+ Kh8 56. Qf8+ Kh7 57. Qf7+ Kh8 58. Kh1 Qe5 59. Qf8+ Kh7 60. Rf7+ Rg7 1/2-1/2

[Event "SLO-ch U16"]
[Site "Murska Sobota"]
[Date "2007.02.27"]
[Round "4"]
[White "Rifelj, Luka"]
[Black "Svigelj, Domen"]
[Result "1-0"]
[WhiteElo "1500"]
[BlackElo "1527"]
[PlyCount "102"]
[EventDate "2007.02.25"]
[EventType "swiss"]
[EventRounds "9"]
[EventCountry "SLO"]
[SourceTitle "CBM 117 Extra"]
[Source "ChessBase"]
[SourceDate "2007.05.09"]
[SourceVersion "1"]
[SourceVersionDate "2007.05.09"]
[SourceQuality "1"]

1. e4 e5 2. Nf3 Nc6 3. Bc4 Bc5 4. 0-0 Nf6 5. d3 d6 6. h3 Be6 7. Bb3 Nd4 8. Nxd4 Bxd4 9. c3 Bb6 10. Bc2 Qd7 11. Qf3 h6 12. a4 a5 13. Kh2 Ke7 14. Be3 Ba7 15. Bxa7 Rxa7 16. d4 Bc4 17. Re1 Re8 18. Nd2 Ba6 19. Qg3 Kf8 20. Rad1 Qe7 21. dxe5 Qxe5 22. Qxe5 Rxe5 23. Nf3 Re7 24. e5 dxe5 25. Rxe5 Rxe5 26. Nxe5 Ra8 27. Nd7+ Nxd7 28. Rxd7 c6 29. Bb3 f6 30. Rf7+ Kg8 31. Rxb7+ Kh8 32. Rc7 Rc8 33. Rxc8+ Bxc8 34. Kg3 g6 35. Kf4 Kg7 36. h4 Kf8 37. Ke3 Ke7 38. Kd4 Kd6 39. Bc2 g5 40. hxg5 hxg5 41. b4 axb4 42. cxb4 Bd7 43. Bd3 Bc8 44. a5 Bb7 45. a6 Bc8 46. g3 f5 47. Bf1 f4 48. Bd3 fxg3 49. fxg3 c5+ 50. bxc5+ Kc7 51. Bb5 Kb8 1-0

[Event "SLO-ch U16"]
[Site "Murska Sobota"]
[Date "2007.02.25"]
[Round "1"]
[White "Rozman, Mitja"]
[Black "Svigelj, Domen"]
[Result "1-0"]
[WhiteElo "1872"]
[BlackElo "1527"]
[PlyCount "79"]
[EventDate "2007.02.25"]
[EventType "swiss"]
[EventRounds "9"]
[EventCountry "SLO"]
[SourceTitle "CBM 117 Extra"]
[Source "ChessBase"]
[SourceDate "2007.05.09"]
[SourceVersion "1"]
[SourceVersionDate "2007.05.09"]
[SourceQuality "1"]

1. e4 e5 2. Nf3 Nc6 3. Bc4 Bc5 4. d3 f6 5. c3 Na5 6. Bxg8 Rxg8 7. b4 Bxf2+ 8. Kxf2 Nc6 9. Rf1 d6 10. Kg1 Bg4 11. Qb3 Rf8 12. Nbd2 Qe7 13. a4 a6 14. d4 Kd7 15. Bb2 Bh5 16. Rad1 Bf7 17. Qc2 Bh5 18. dxe5 Nxe5 19. Nxe5+ fxe5 20. Rde1 Rxf1+ 21. Rxf1 Rf8 22. Rxf8 Qxf8 23. Qd3 Bg6 24. Qf3 Qe8 25. c4 c6 26. c5 Qe7 27. Ba3 dxc5 28. bxc5 Kc7 29. Qd3 Qe6 30. Qd6+ Qxd6 31. cxd6+ Kd7 32. a5 Bf7 33. Kf2 h6 34. Nf3 Ke6 35. Nxe5 Be8 36. Nd3 Bd7 37. Ke3 Bc8 38. Kd4 g5 39. g3 h5 40. Kc5 1-0